Report of the Commission for the Survey of Municipal Financing
Saved in:
| Corporate Author: | |
|---|---|
| Format: | Journal |
| Language: | English |
| Published: |
[Trenton] :
The Commission,
|
| Subjects: | |
| Tags: |
Add Tag
No Tags, Be the first to tag this record!
|
| LEADER | 00640cas a2200205M 4500 | ||
|---|---|---|---|
| 001 | 009319331-9 | ||
| 005 | 20040322102333.0 | ||
| 008 | 931104u19uu19uunjuar p a s0 0eng d | ||
| 035 | 0 | |a ocm30747109 | |
| 040 | |a NYP |c NYP |d OCL |d OCLCQ | ||
| 043 | |a n-us-nj | ||
| 110 | 1 | |a New Jersey. |b Commission for the Survey of Municipal Financing. | |
| 245 | 1 | 0 | |a Report of the Commission for the Survey of Municipal Financing |h [microform]. |
| 260 | |a [Trenton] : |b The Commission, | ||
| 300 | |a v. ; |c 26 cm. | ||
| 310 | |a Annual | ||
| 500 | |a Description based on: 1915. | ||
| 650 | 0 | |a Municipal finance |z New Jersey |v Periodicals. | |
| 988 | |a 20040322 | ||
| 906 | |0 OCLC | ||


